| 000 | 00342 a2200109 4500 | ||
|---|---|---|---|
| 001 | ART_35057 | ||
| 005 | 20260410162005.0 | ||
| 008 | 260409a | ||
| 245 | 1 | 0 | _aLa pérdida de chance y el daño al proyecto de vida |
| 100 | 1 | _aWerlen, Cristian O. | |
| 773 | 0 |
_tTemas de derecho civil _g- Año 1, Nº 2 (nov. 2015) _wREV34778 |
|
| 999 |
_c31602 _d31602 |
||